[Event "c14"]
[Site "?"]
[Date "2020.08.25"]
[Round "11.10"]
[White "Wojdak, Jan"]
[Black "Jedraszek, Pawel"]
[Result "0-1"]
[BlackElo "1590"]
[WhiteElo "1917"]
[LiveChessVersion "1.4.8"]

1. d4 {[%clk 0:15:18]} Nf6 {[%clk 0:15:19]} 2. Nf3 {[%clk 0:15:27]} g6
{[%clk 0:15:28]} 3. g3 {[%clk 0:15:36]} Bg7 {[%clk 0:15:37]} 4. Bg2
{[%clk 0:15:46]} O-O {[%clk 0:15:45]} 5. O-O {[%clk 0:15:54]} d6 {[%clk 0:15:54]}
6. c4 {[%clk 0:16:01]} Nbd7 {[%clk 0:16:00]} 7. Nc3 {[%clk 0:16:10]} e5
{[%clk 0:16:08]} 8. e4 {[%clk 0:16:11]} exd4 {[%clk 0:16:16]} 9. Nxd4
{[%clk 0:16:20]} Re8 {[%clk 0:16:24]} 10. Re1 {[%clk 0:16:22]} a5
{[%clk 0:16:21]} 11. Nc2 {[%clk 0:12:54]} Nc5 {[%clk 0:15:57]} 12. f3
{[%clk 0:12:54]} Nfd7 {[%clk 0:15:49]} 13. Be3 {[%clk 0:12:57]} Ne5
{[%clk 0:13:56]} 14. Bxc5 {[%clk 0:12:18]} dxc5 {[%clk 0:14:04]} 15. Qe2
{[%clk 0:10:44]} Be6 {[%clk 0:12:44]} 16. Ne3 {[%clk 0:10:46]} Qd3
{[%clk 0:12:11]} 17. Ncd5 {[%clk 0:09:43]} Qxe2 {[%clk 0:10:47]} 18. Rxe2
{[%clk 0:09:52]} Nxc4 {[%clk 0:10:11]} 19. Nxc7 {[%clk 0:09:12]} Bd4
{[%clk 0:09:06]} 20. Kf2 {[%clk 0:09:15]} Nxe3 {[%clk 0:08:23]} 21. Rxe3
{[%clk 0:09:24]} Rac8 {[%clk 0:07:49]} 22. Nxe8 {[%clk 0:09:31]} Rxe8
{[%clk 0:07:53]} 23. Rc1 {[%clk 0:04:37]} b6 {[%clk 0:07:37]} 24. b3
{[%clk 0:04:43]} a4 {[%clk 0:06:13]} 25. bxa4 {[%clk 0:04:52]} Ra8
{[%clk 0:06:14]} 26. Ke2 {[%clk 0:04:52]} Bxe3 {[%clk 0:06:21]} 27. Kxe3
{[%clk 0:05:00]} Rxa4 {[%clk 0:06:16]} 28. Rb1 {[%clk 0:05:01]} Rxa2
{[%clk 0:06:00]} 29. Bf1 {[%clk 0:05:10]} Ra3+ {[%clk 0:06:06]} 30. Kf4
{[%clk 0:05:19]} Rb3 {[%clk 0:06:08]} 31. Rd1 {[%clk 0:05:26]} Kg7
{[%clk 0:05:59]} 32. Ke5 {[%clk 0:05:28]} Rxf3 {[%clk 0:06:00]} 33. Bb5
{[%clk 0:05:37]} Rb3 {[%clk 0:05:51]} 34. Bc6 {[%clk 0:05:45]} c4
{[%clk 0:05:33]} 35. Bd5 {[%clk 0:05:54]} Rb5 {[%clk 0:04:44]} 36. Kd6
{[%clk 0:05:30]} c3 {[%clk 0:02:50]} 37. Bxe6 {[%clk 0:05:09]} fxe6
{[%clk 0:02:59]} 38. Kxe6 {[%clk 0:05:19]} c2 {[%clk 0:02:48]} 39. Rc1
{[%clk 0:05:28]} Rc5 {[%clk 0:02:42]} 40. Kd6 {[%clk 0:05:37]} Rc3
{[%clk 0:02:22]} 41. e5 {[%clk 0:05:46]} Kf7 {[%clk 0:02:23]} 42. e6+
{[%clk 0:05:29]} Ke8 {[%clk 0:02:29]} 43. Ke5 {[%clk 0:03:53]} Ke7
{[%clk 0:02:27]} 44. Kd5 {[%clk 0:03:51]} Rc5+ 45. Kd4 {[%clk 0:03:59]} Kxe6
{[%clk 0:02:41]} 46. h3 {[%clk 0:04:08]} Kd6 {[%clk 0:02:46]} 47. h4
{[%clk 0:04:17]} b5 {[%clk 0:02:54]} 48. g4 {[%clk 0:04:17]} b4 {[%clk 0:03:02]}
49. h5 {[%clk 0:04:16]} b3 {[%clk 0:03:10]} 50. hxg6 {[%clk 0:04:25]} hxg6
{[%clk 0:03:19]} 51. g5 {[%clk 0:04:29]} b2 52. Rf1 Rd5+ {[%clk 0:03:10]} 53. Ke4
{[%clk 0:04:37]} c1=Q {[%clk 0:02:57]} 54. Rf6+ {[%clk 0:04:45]} Kc5
{[%clk 0:02:59]} 55. Kf3 {[%clk 0:04:53]} Rf5+ {[%clk 0:03:07]} 56. Rxf5+
{[%clk 0:05:01]} gxf5 {[%clk 0:03:16]} 57. g6 {[%clk 0:05:10]} b1=Q
{[%clk 0:03:14]} 58. g7 {[%clk 0:05:19]} Qd3+ {[%clk 0:03:21]} 59. Kf2
{[%clk 0:05:28]} Qcf1# {[%clk 0:03:28]} 0-1

[Event "c14"]
[Site "?"]
[Date "2020.08.25"]
[Round "11.11"]
[White "Malinowski, Szymon"]
[Black "Pancewicz, Szymon"]
[Result "1-0"]
[BlackElo "1521"]
[WhiteElo "1844"]
[LiveChessVersion "1.4.8"]

1. d4 {[%clk 0:15:19]} Nf6 {[%clk 0:15:16]} 2. Nf3 {[%clk 0:15:27]} g6
{[%clk 0:15:23]} 3. Bg5 {[%clk 0:15:35]} Bg7 {[%clk 0:15:26]} 4. Nbd2
{[%clk 0:15:43]} d6 {[%clk 0:15:11]} 5. e4 {[%clk 0:15:49]} O-O 6. Bd3
{[%clk 0:15:55]} Nbd7 {[%clk 0:13:45]} 7. O-O e5 {[%clk 0:12:10]} 8. c3
{[%clk 0:16:00]} h6 {[%clk 0:11:26]} 9. Bh4 {[%clk 0:14:51]} g5 {[%clk 0:08:35]}
10. Bg3 {[%clk 0:14:54]} Nh5 {[%clk 0:08:21]} 11. dxe5 {[%clk 0:13:18]} Nxg3
{[%clk 0:07:50]} 12. hxg3 {[%clk 0:13:19]} Nxe5 {[%clk 0:07:41]} 13. Bc2
{[%clk 0:12:29]} Bg4 {[%clk 0:07:06]} 14. Qc1 {[%clk 0:11:53]} Nxf3+
{[%clk 0:05:43]} 15. Nxf3 {[%clk 0:11:57]} Bxf3 {[%clk 0:05:31]} 16. gxf3
{[%clk 0:12:05]} Qf6 {[%clk 0:05:14]} 17. Kg2 {[%clk 0:12:06]} Rfe8
{[%clk 0:03:34]} 18. f4 {[%clk 0:11:38]} gxf4 {[%clk 0:02:00]} 19. Qxf4
{[%clk 0:11:35]} Qxf4 {[%clk 0:01:56]} 20. gxf4 {[%clk 0:11:44]} b5
{[%clk 0:01:34]} 21. Rab1 {[%clk 0:10:54]} a5 {[%clk 0:01:34]} 22. f3
{[%clk 0:10:43]} Kf8 {[%clk 0:01:00]} 23. Rh1 {[%clk 0:10:36]} c5
{[%clk 0:00:39]} 24. Rh5 {[%clk 0:09:59]} Ke7 {[%clk 0:00:29]} 25. Kf2
{[%clk 0:09:31]} b4 {[%clk 0:00:27]} 26. c4 {[%clk 0:08:27]} a4 {[%clk 0:00:23]}
27. Bd3 {[%clk 0:07:38]} b3 {[%clk 0:00:20]} 28. a3 {[%clk 0:07:37]} Rg8
{[%clk 0:00:22]} 29. e5 {[%clk 0:07:10]} dxe5 {[%clk 0:00:23]} 30. fxe5
{[%clk 0:07:18]} Rad8 {[%clk 0:00:32]} 31. Ke3 {[%clk 0:07:21]} f6
{[%clk 0:00:35]} 32. Be4 {[%clk 0:05:59]} fxe5 {[%clk 0:00:33]} 33. Bd5
{[%clk 0:06:08]} Rgf8 {[%clk 0:00:23]} 34. Rg1 {[%clk 0:05:33]} Kf6
{[%clk 0:00:19]} 35. Ke4 {[%clk 0:05:34]} Rd7 {[%clk 0:00:21]} 36. Rf5+
{[%clk 0:05:41]} Ke7 {[%clk 0:00:27]} 37. Rxg7+ {[%clk 0:05:50]} Ke8
{[%clk 0:00:33]} 38. Rxf8+ {[%clk 0:05:55]} 1-0

[Event "c14"]
[Site "?"]
[Date "2020.08.25"]
[Round "11.12"]
[White "Myrmus, Mateusz"]
[Black "Kutowski, Marcel"]
[Result "1-0"]
[BlackElo "1819"]
[WhiteElo "1539"]
[LiveChessVersion "1.4.8"]

1. e4 c6 2. d4 d5 3. Nc3 dxe4 4. Nxe4 Bf5 5. Ng3 Bg6 6. h4 h6 7. h5 Bh7 8. Nf3
Nd7 9. Bd3 Bxd3 10. Qxd3 e6 11. Bd2 Ngf6 12. O-O-O Qc7 13. Qe2 Be7 14. Ne5 O-O
15. f4 c5 16. Nxd7 Nxd7 17. d5 Bd6 18. dxe6 fxe6 19. Qxe6+ Kh8 20. Kb1 Bxf4 21.
Nf5 Bxd2 22. Rxd2 Qe5 23. Nxg7 Qxe6 24. Nxe6 Rf7 25. Rhd1 Ne5 26. Nxc5 Nc4 27.
Rd8+ Rxd8 28. Rxd8+ Kg7 29. a4 b6 30. Ne4 Re7 31. Nd6 Re1+ 32. Ka2 Ne3 33. Rd7+
Kf6 34. Rxa7 Nxc2 35. Nc4 b5 36. Na3 Ra1+ 37. Kb3 Nd4+ 38. Kc3 Ne2+ 39. Kd2 Nd4
40. axb5 Ra2 41. Kc3 Ne2+ 42. Kb3 Nc1+ 43. Kc2 Ne2 44. Kb1 1-0